Statistics for Souvenir - boygenius (Lyrics)

Click here to take the quiz!

General Stats

  • This quiz has been taken 32 times
  • The average score is 79 of 94

Answer Stats

Answer% Correct
I
100%
I
100%
I
100%
I
100%
in
100%
in
100%
in
100%
a
96%
a
96%
a
96%
a
96%
a
96%
Do
96%
do?
96%
you
96%
you
96%
you
96%
You
96%
you
96%
dream
92%
Like
92%
my
92%
my
92%
the
92%
what
92%
what
92%
When
92%
Always
88%
Always
88%
And
88%
and
88%
Dreamcatcher
88%
me
88%
mirror
88%
night
88%
rearview
88%
see?
88%
See
88%
that
88%
thing
88%
to
88%
to
88%
To
88%
about
84%
caught
84%
Hasn't
84%
hate
84%
hospital
84%
managed
84%
move
84%
never
84%
next
84%
Right
84%
souvenir
84%
tells
84%
yet
84%
your
84%
your
84%
cemeteries
80%
cut
80%
dollars
80%
far
80%
from
80%
hole
80%
know
80%
last
80%
of
80%
of
80%
of
80%
skull
80%
Twenty
80%
did
76%
don't
76%
into
76%
nightmares
76%
out
76%
out
76%
up
76%
was
76%
worth
76%
Anything's
72%
dying
72%
end
72%
stay
72%
trying
72%
course
68%
said
68%
surgery
68%
because
60%
midnight
60%
palm
60%
Pulling
60%
Work
56%
thorns
48%

Score Distribution

Percentile by Number Answered

Percent of People with Each Score

Your Score History

You have not taken this quiz